| 000 | 00629nam a2200217 a 4500 | ||
|---|---|---|---|
| 999 |
_c3353 _d3353 |
||
| 001 | 3353 | ||
| 003 | BD-JhCC | ||
| 005 | 20171113182120.0 | ||
| 008 | 171112s1974 bg ||||| |||| 00| 0 ben d | ||
| 035 | _a(BD-JhCC)3353 | ||
| 040 |
_aBD-JhCC _dBD-JhCC |
||
| 041 | _aben | ||
| 082 |
_a891.442 _bCHU 1974 |
||
| 100 | _aচৌধুরী, কবীর | ||
| 245 |
_aশহীদের প্রতীক্ষায় / _cকবীর চৌধুরী |
||
| 260 |
_aঢাকা : _bবাংলা একাডেমী, _c1974. |
||
| 300 |
_a56 p. : _c22 cm. |
||
| 650 | _aBengali Drama | ||
| 942 |
_2ddc _cBK |
||